000 00307nam a2200121Ia 4500
008 240731s9999 xx 000 0 und d
022 _a1745-5391
245 0 _aProgress in Natural Science
260 _bTaylor & Francis
856 _uhttps://www.tandfonline.com/loi/tpns20
942 _2ddc
942 _cTFEJ
999 _c79045
_d79045
945 _a1
_bMadushi Gamage
_c1
_dMadushi Gamage